| 000 | 00776nam a22002297a 4500 | ||
|---|---|---|---|
| 003 | 0 | ||
| 005 | 20250828095418.0 | ||
| 008 | 250828b xxu||||| |||| 00| 0 eng d | ||
| 020 | _a978-93-5751-360-9 | ||
| 050 |
_aTR 810 _b.N54 2025 |
||
| 100 |
_aNigam, Anil, _eauthor. |
||
| 245 |
_aAerial photography and videography using drones / _cAnil Nigam. |
||
| 250 | _aFirst edition. | ||
| 260 |
_aNew Delhi, India : _bRandom Publications LLP, _c2025. |
||
| 300 |
_aviii, 228 pages : _billustrations ; _c24 cm. |
||
| 504 | _aIncludes bibliographical references and index. | ||
| 650 | _aAerial photography. | ||
| 650 |
_aCinematography _xSpecial techniques. |
||
| 650 |
_aDrone aircraft _xPhotographic use. |
||
| 650 |
_aUnmanned aerial vehicles _xPhotography. |
||
| 942 |
_2lcc _cBK |
||
| 999 |
_c367657 _d367657 |
||